000 00349nam a22001457a 4500
003 OSt
008 231018b |||||||| |||| 00| 0 eng d
020 _a9788123911540
100 _aWORLD HEALTH ORGANZATION
245 _aTHE INTERNATIONAL PHARMACOPOEIA
250 _a3rd
260 _aNew Delhi
_bCBS PUB
_c1991
300 _a407
942 _2ddc
_cREF
999 _c12120
_d12120